MESTSKÁ KNIŽNICA GIRALTOVCE  - online katalóg 

Pavlovce nad Uhom (1327 - 2006) (Record no. 19878)

000 -NÁVESTIE
fixed length control field 01397nam a2200397 a 4500
008 - ÚDAJE S PEVNOU DĹŽKOU – VŠEOBECNÉ INFORMÁCIE
fixed length control field 061206s2006||||xo io g a 000 0 slo d
020 ## - MEDZINÁRODNÉ ŠTANDARDNÉ ČÍSLO KNIHY (ISBN)
Medzinárodné štandardné číslo knihy (ISBN) 8089258018
Qualifying information (viaz.)
040 ## - ZDROJ KATALOGIZÁCIE
Pôvodná katalogizujúca agentúra MIZKGZ
Jazyk katalogizácie slo
Prepisujúca agentúra MIZKGZ
Modifikujúca agentúra SNK
Konvencie popisu AACR2
041 0# - KÓD JAZYKA
Kód jazyka textu/zvukovej stopy alebo samostatných nápisov slo
Kód jazyka zhrnutia alebo abstraktu/titulkov alebo nápisov eng
043 ## -
-- e-xo---
044 ## - KÓD KRAJINY VYDAVATEĽA/PRODUCENTA
Kód krajiny ISO SK
072 #7 - KÓD PREDMETOVEJ KATEGÓRIE
Kód predmetovej kategórie 94(437)
Pododdiel kódu predmetovej kategórie Dejiny Česka a Slovenska
Zdroj konspekt
080 ## - ČÍSLO MEDZINÁRODNÉHO DESATINNÉHO TRIEDENIA (MDT)
Číslo Medzinárodného desatinného triedenia (MDT) 94(437.6)
Identifikátor vydania 2001
080 ## - ČÍSLO MEDZINÁRODNÉHO DESATINNÉHO TRIEDENIA (MDT)
Číslo Medzinárodného desatinného triedenia (MDT) 908(437.6)
Identifikátor vydania 2001
080 ## - ČÍSLO MEDZINÁRODNÉHO DESATINNÉHO TRIEDENIA (MDT)
Číslo Medzinárodného desatinného triedenia (MDT) (048.8)
Identifikátor vydania 2001
044 ## - KÓD KRAJINY VYDAVATEĽA/PRODUCENTA
Kód krajiny MARC xo
Kód krajiny ISO SK
245 10 - NÁZOV
Názov Pavlovce nad Uhom (1327 - 2006)
Zvyšok názvu prechádzka históriou a súčasnosťou
Údaj o zodpovednosti atď. [autorský kolektív: Miroslav Buraľ ... [et al.] ; zostavovatelia: Lýdia Gačková, Martin Molnár]
250 ## - ÚDAJ O PORADÍ VYDANIA
Údaj o poradí vydania [1. vyd.]
260 ## - VYDAVATEĽSKÉ ÚDAJE, DISTRIBÚCIA ATĎ.
Miesto publikovania, distribúcie atď. [Michalovce]
Názov vydavateľa, distibútora atď. Excel enterprise
Dátum publikovania, distribúcie atď. 2006
300 ## - FYZICKÝ POPIS
Rozsah 304 s.
Ďalšie fyzické detaily erby, fotogr.
Rozmery 26 cm
500 ## - VŠEOBECNÁ POZNÁMKA
Formátovaná poznámka o obsahu Vydané pre obec Pavlovce nad Uhom
500 ## - VŠEOBECNÁ POZNÁMKA
Formátovaná poznámka o obsahu Obsahuje poznámky
504 ## -
-- Bibliografia s. 251-252
651 #7 - PRIDANÝ VSTUP – PREDMET – GEOGRAFICKÝ NÁZOV
Geografický názov Pavlovce nad Uhom (Slovensko)
Všeobecný pododdiel dejiny
Zdroj hesla alebo termínu SNKPH
651 #7 - PRIDANÝ VSTUP – PREDMET – GEOGRAFICKÝ NÁZOV
Geografický názov Pavlovce nad Uhom (Slovensko)
Všeobecný pododdiel vlastiveda
Zdroj hesla alebo termínu SNKPH
700 1# - PRIDANÝ VSTUP – OSOBNÉ MENO
Osobné meno Gačková, Lýdia
Kód roly aut
-- com
700 1# - PRIDANÝ VSTUP – OSOBNÉ MENO
Osobné meno Molnár, Martin
Kód roly aut
-- com
700 1# - PRIDANÝ VSTUP – OSOBNÉ MENO
Osobné meno Buraľ, Miroslav
Kód roly aut
700 1# - PRIDANÝ VSTUP – OSOBNÉ MENO
Osobné meno Hriň, Pavol
Kód roly aut
700 1# - PRIDANÝ VSTUP – OSOBNÉ MENO
Osobné meno Karpinský, Peter
Kód roly aut
700 1# - PRIDANÝ VSTUP – OSOBNÉ MENO
Osobné meno Kočan, Jozef
Kód roly aut
700 1# - PRIDANÝ VSTUP – OSOBNÉ MENO
Osobné meno Kónya, Peter,
Dátumy súvisiace s menom 1966-
Kód roly aut
700 1# - PRIDANÝ VSTUP – OSOBNÉ MENO
Osobné meno Linková, Jana
Kód roly aut
700 1# - PRIDANÝ VSTUP – OSOBNÉ MENO
Osobné meno Mišíková, Alena
Kód roly aut
700 1# - PRIDANÝ VSTUP – OSOBNÉ MENO
Osobné meno Starják, Matej
Kód roly aut
Holdings
Stav stiahnutia (Blokovanie) (Withrawn status) Stav straty Zdroj klasifikácie pre skladovanie Stav poškodenia (Damaged status) Nie pre výpožičky (Not for loan) Spôsob nadobudnutia (Collection code) Trvalé umiestnenie Aktuálne umiestnenie Dátum nadobudnutia Náklady, bežná kúpna cena Inventárne číslo (prírastkové číslo) Full call number Čiarový kód Dátum posledného výskytu Cena s účinnosťou od Typ jednotky Koha
          Kúpa Mestská knižnica Giraltovce Mestská knižnica Giraltovce 2019-11-29 100.00 18 364 I 1563 18 364 2019-11-29 2019-11-29 Odborná literatúra pre dospelých

Powered by Koha